1639 1363 1231 1558 1862 1623 1151 1930 1305 1561 1023 1915 1135 1040 1930 1166 1098 1485 1634 1755 1748 1789 1569 1100 1270 1080 1811 1737 1890 1439 2000 1388 1136 1428 1917 1265 1561 1563 1773 1003 1323 1336 1078 1079 1850 1789 1123 1948 1049 1029 1559 1630 1349 1249 1855 1163 1336 1312 1573 1384 1909 1271 1349 1292 1594 1364 1615 1272 1186 1085 1775 1219 1749 1527 1923 1743 1084 1864 1233 1831 1476 1980 1188 1055 1775 1415 1389 1662 1165 1459 1100 1919 1216 1617 1938 1276 1643 1504 1509 BCNSPRNW ULIB Ver.6.0+V

เปลี่ยนเป็นภาษาไทย

Change to English
 แสดงรายละเอียดบรรณานุกรม
  กลับหน้าหลัก

Brief Record : Get Marc (ISO 2709) : E-mail record : QR code < ปิดหน้าต่าง
LEADER : 00000nam 2200000uu 4500
001    13399111443
003     ULIB
008    110627s2546||||th 000 0 tha d
020    9745972967
060  4 QU21^bป111ช
100 0  ภาควิชาเคมี คณะแพทย์ศาสตร์ จุฬาลงกรณ์มหาวิทยาลัย
245 00 ชีวเคมีเพื่อการส่งเสริมสุขภาพ./^c เขียนโดยภาควิชาเคมี คณะแพทย์ศาสตร์ จุฬาลงกรณ์มหาวิทยาลัย
260    กรุงเทพฯ:^ภาควิชาเคมี คณะแพทย์ศาสตร์ จุฬาลงกรณ์มหาวิทยาลัย ,^c2546
300    128 หน้า
650  0 ชีวเคมี
945    ^p120^l0^i11968
945    ^p120^l0^i11966
945    ^p120^l0^i11965
945    ^p120^l0^i11964
945    ^p120^l0^i11967
955    กัณชพร
999 ^a ใช้งานได้ทุกระบบ
รายการนี้ยังไม่มีแท็ก
คุณยังไม่ได้ล็อกอิน คุณสามารถมีกิจกรรมร่วมกับเว็บไซต์ได้ แต่ต้องล็อกอินก่อน ::
  ล็อกอิน

รายการสื่อสารสนเทศ

ลำดับที่ ประเภท เลขเรียก/บาร์โค้ด สถานที่ สถานะ
- ไม่พบข้อมูล -

รายการใกล้เคียง
    หัวเรื่อง [ชีวเคมี]

BibComment


ยังไม่เคยถูกคอมเมนท์

คอมเมนท์ทรัพยากรรายการนี้
  คอมเมนท์: ชีวเคมีเพื่อการส่..


 Copyright 2026. Bcnsprnw @Library